Iceman Tracklist - Statistics

General Stats
  • This quiz has been taken 12 times
  • The average score is 13 of 18
Answer Stats
Answer % Correct
2 Hard 4 The Radio
89%
Make Them Cry
89%
Make Them Remember
89%
Plot Twist
89%
Ran To Atlanta
89%
Dust
78%
Little Birdie
78%
Make Them Pay
78%
National Treasures
78%
Shabang
78%
Whisper My Name
78%
B's On The Table
67%
Don't Worry
67%
Make Them Know
67%
What Did I Miss?
67%
Burning Bridges
56%
Firm Friends
56%
Janice STFU
56%
No matching quizzes found
Score Distribution
Percent of People with Each Score
Percentile by Number Answered
Your Score History
You have not taken this quiz